=LDR 00000nam 2200000 4500 =001 INLIS000000000060423 =005 20220131090409 =035 ##$$a 0010-0122000359 =007 ta =008 220131###########################0#ind## =082 ##$$a 352.480 26 =084 ##$$a 352.480 26 Ind s =245 ##$$a Standar Biaya Anggaran Tahun 2012 (PMK Nomor 84/PMK.02/2011) dan Petunjuk Pelaksanaan Penyususnan dan Penelaahan Standar Biaya Kelurahan Tahun Anggaran 2012 (Perdirjen Anggaran Nomor 3/AG/2011 =300 ##$$a 410 halaman ; $c 21 cm. =650 #4$$a Biaya Perhitungan -Undang-Undang dan Peraturan =264 ##$$a jakarta :$b Eka Jaya,$c 2011 =336 ##$$a teks$2 rdacontent =337 ##$$a lain-lain$2 rdamedia =338 ##$$a lain-lain$2 rdacarrier =990 ##$$a 04680468